| 000 | 01328cam a2200337 a 4500 | ||
|---|---|---|---|
| 001 | 2157317 | ||
| 005 | 20241204173047.0 | ||
| 008 | 990512s2001 nyuab f 001 0 eng | ||
| 020 | _a0072936037 (spiralwithflap ed.) | ||
| 020 | _a0072935162 (spiralbound text ed.) | ||
| 020 | _a0028040481 (hardcover text ed.) | ||
| 020 | _a002804049X (basic worksheets) | ||
| 020 | _a0028040503 (comprehensive worksheets) | ||
| 020 | _a002804052X (instruction's resource manual) | ||
| 020 | _a0078228069 (classroom presentation) | ||
| 050 | 0 | 0 |
_aPE1479.B87 _bS23 2001 |
| 082 | 0 | 0 |
_a808/.042 _221 |
| 100 | 1 | _aSabin, William A. | |
| 245 | 1 | 4 |
_aThe Gregg reference manual / _cWilliam A. Sabin. |
| 250 | _a9th ed. | ||
| 260 |
_aBoston : _bMcGraw-Hill, _cc2001. |
||
| 300 |
_axxx, 610 p. : _bill., col. maps ; _c24 cm. |
||
| 500 | _aIncludes index. | ||
| 650 | 0 |
_aEnglish language _xBusiness English _vHandbooks, manuals, etc. |
|
| 650 | 0 |
_aEnglish language _xGrammar _vHandbooks, manuals, etc. |
|
| 650 | 0 |
_aEnglish language _xTranscription _vHandbooks, manuals, etc. |
|
| 650 | 0 |
_aBusiness writing _vHandbooks, manuals, etc. |
|
| 856 | 4 | 2 |
_3Publisher description _uhttp://www.loc.gov/catdir/description/mh031/99023789.html |
| 856 | 4 | 1 |
_3Table of contents _uhttp://www.loc.gov/catdir/toc/mh031/99023789.html |
| 942 |
_2lcc _cBK _e9TH _n0 |
||
| 999 |
_c1955 _d1955 |
||